[Event "GER-chT U12 Girls"]
[Site "Magdeburg"]
[Date "2023.12.30"]
[Round "7.8"]
[White "Trush, Diana"]
[Black "Schmidt Guevara, Daniela"]
[Result "1-0"]
[WhiteElo "980"]
[BlackElo "1083"]
[PlyCount "39"]
[EventDate "2023.12.26"]
[EventType "team-swiss"]
[EventRounds "7"]
[EventCountry "GER"]
[SourceTitle "CB03_2024"]
[SourceDate "2024.01.17"]
[SourceVersion "1"]
[SourceVersionDate "2024.01.17"]
[SourceQuality "1"]
[WhiteTeam "Stuttgart Strateg"]
[BlackTeam "Freiburg Zaehringen"]
[WhiteTeamCountry "GER"]
[BlackTeamCountry "GER"]

1. e4 e5 2. Nf3 Nc6 3. Bc4 Bc5 4. 0-0 Nf6 5. d4 exd4 6. e5 Ne4 7. Bd5 f5 8. exf6 Nxf6 9. Re1+ Ne7 10. Ng5 Nfxd5 11. Nc3 Nxc3 12. bxc3 dxc3 13. Qd5 Rf8 14. Qxc5 b6 15. Qd5 Ba6 16. Nxh7 Rf7 17. Qh5 Bc4 18. Ng5 Kf8 19. Qh8+ Ng8 20. Nh7# 1-0